| 000 | 00707nam a22001577a 4500 | ||
|---|---|---|---|
| 003 | OSt | ||
| 005 | 20151006142159.0 | ||
| 008 | 151006b xxu||||| |||| 00| 0 eng d | ||
| 040 | _cRUA | ||
| 082 | _aAVM SOR 1997 B070 Or.1 | ||
| 100 |
_92169 _aSOR, SAMNANG. |
||
| 245 | _aEpidemiological survey of cysticercisi in pigs, cattle, and buffalo at the slaughter house of siemreap province. ការសិក្សាកំរិតរាលដាលរបស់ជំងឺចុងអង្ករលើសត្វជ្រូក គោ ក្របី ណីទីសត្វឃាតចេត្តសៀមរាប។ | ||
| 260 |
_aphnom phen _bRUA _c1997 |
||
| 300 |
_a53p. _bill. _c29cm. |
||
| 942 |
_2ddc _cAVM |
||
| 999 |
_c2040 _d2040 |
||